000 00238 a2200097 4500
001 121426
040 _cEscola Canadense de Niteroi
245 1 0 _aComo Produzir um Bom Texto Narrativo [banner]
650 4 _aLĂ­ngua Portuguesa
942 _cMATP
999 _c121426
_d121426